Plan de negocio de la microempresa Miel de Abeja Hutch

Estudio Miel de Abeja Hutch, será una microempresa que se oriente a la producción y comercialización de miel de abeja, diseñada con una estrategia de negocio dirigida a la producción apícola eficiente, que nace de la idea de aprovechar la oportunidad latente de mercado insatisfecho de este pro...

Full description

Bibliographic Details
Main Authors: Rocha García, Wilfredo Francisco, Tijerino Rodríguez, Carlos Roberto, Selva Mendoza, Mario José
Other Authors: Tutor:
Format: Tesis Section = Libro
Language:Undetermined
Spanish
Published: Managua UNI 2014
Subjects:
LEADER 01171nam a2200277Ia 4500
008 240830s9999 xx 000 0 und d
040 |a BIBLIOTECA-RUPAP T.Mon 658.11 R672 
041 |a spa 
082 |a T.Mon 658.11 R672 
100 1 |a Rocha García, Wilfredo Francisco 
100 1 |b  Tijerino Rodríguez, Carlos Roberto 
100 1 |c  Selva Mendoza, Mario José 
245 1 0 |a Plan de negocio de la microempresa Miel de Abeja Hutch 
260 |a Managua  |b UNI  |c 2014 
300 |a 110 p. :il. 
500 |a Contiene: anexos e Incluye: CD. 
502 |a Tesis (Ingeniero de Sistemas)- UNI, 2014. 
520 3 |a Estudio Miel de Abeja Hutch, será una microempresa que se oriente a la producción y comercialización de miel de abeja, diseñada con una estrategia de negocio dirigida a la producción apícola eficiente, que nace de la idea de aprovechar la oportunidad latente de mercado insatisfecho de este producto. 
650 7 |a EMPRESA - PROYECTOS 
650 7 |b ANÁLISIS DE MERCADO 
650 7 |c ANÁLISIS FINANCIERO 
650 7 |d MIEL DE ABEJA - INDUSTRIA - COMERCIO - NICARAGUA 
700 1 |a Tutor: 
942 |c BK  |2 ddc 
991 |a TESIS 
999 |c 18491